| 000 | 00669nam a2200169Ia 4500 | ||
|---|---|---|---|
| 008 | 180910s9999 xx 000 0 und d | ||
| 100 | _aPhilippine Daily Inquirer. | ||
| 245 | _aSouthville international school and colleges : leading the way : 22 years of fostering a culture of educational excellence / | ||
| 245 | _cSunday inquirer magazine. | ||
| 260 | _bPhilippine daily inquirer | ||
| 260 | _c2012 | ||
| 300 | _apages 6-31, October 2012 | ||
| 440 | _aSouthville international school and colleges : leading the way : 22 years of fostering a culture of educational excellence / | ||
| 650 | _aArchival material. | ||
| 650 | _aPeriodicals. | ||
| 942 |
_2lcc _cSE |
||
| 999 |
_c358767 _d358767 |
||